000 00329nam a2200121Ia 4500
008 231120s2018 xx 000 0 und d
041 _aeng
082 _a743.6
100 _aHEATHER KILGOUR
245 _a10 STEP DRAWING: ANIMALS DRAW 75 ANIMALS IN 10 EASY STEPS
260 _aSEARCH PRESS
_bSEARCH PRESS
_c2018
300 _aP-128
999 _c933419
_d933419